000 01069cam a22002054a 4500
005 20250605164127.0
008 250528s ||||||||||||||||||||||||d
035 _a18487
020 _a199142432
040 _aGR-AtMCL
_bgre
_dGR-AtMCL
_eAACR2
245 1 _aUnderstanding Pure Mathematics
260 _bOxford University Press,
_c1998
300 _a602
520 _aThis book covers in one volume all topics required in the pure mathematics section of single subject A-Level Mathematics syllabuses. Introductory, Functions, Vectors, Coordinate Geometry, Trigonometry, Algebra, Matrices, Permutations and Combinations, Series and the Binomial Theorem, Probability, Calculus I: Differentiation, Sketching Functions, Calculus II: Integration, Calculus III: Further Reading, Trigonometry, Coordinate Geometry, Three-Dimensional Work: Vectors and Matrices, Algebra, Eponential and Logarithmic Functions, Numerical Methods, Answers, Index.
700 1 _aSadler A. J
_94749
700 1 _aThorning D. W. S
_94750
942 _cBK
999 _c3847
_d3847